|
|
|
|
| LEADER |
00000nam0a2200000 4500 |
| 001 |
363343 |
| 005 |
20231102011559.0 |
| 035 |
|
|
|a (RuTPU)RU\TPU\retro\20690
|
| 035 |
|
|
|a RU\TPU\book\331986
|
| 090 |
|
|
|a 363343
|
| 100 |
|
|
|a 20210927d1981 km y0rusy5003 ca
|
| 101 |
0 |
|
|a rus
|
| 102 |
|
|
|a EE
|
| 105 |
|
|
|a a z 001zy
|
| 200 |
1 |
|
|a Исследования по строительству. Строительная теплофизика. Долговечность конструкций
|e сборник статей
|f Научно-исследовательский институт строительства ; под ред. У. И. Крейса
|
| 210 |
|
|
|a Таллин
|c Валгус
|d 1981
|
| 215 |
|
|
|a 132 с.
|c ил.
|
| 320 |
|
|
|a Библиогр. в конце статей
|
| 606 |
1 |
|
|a Строительство
|2 stltpush
|3 (RuTPU)RU\TPU\subj\57832
|9 75681
|
| 610 |
1 |
|
|a строительное дело
|
| 610 |
1 |
|
|a строительная теплофизика
|
| 610 |
1 |
|
|a строительные конструкции
|
| 610 |
1 |
|
|a долговечность
|
| 610 |
1 |
|
|a бесчердачные покрытия
|
| 610 |
1 |
|
|a теплотехническое качество
|
| 610 |
1 |
|
|a турбулентная диффузия
|
| 610 |
1 |
|
|a ограниченное пространство
|
| 610 |
1 |
|
|a твердые топлива
|
| 610 |
1 |
|
|a строительные материалы
|
| 610 |
1 |
|
|a изготовление
|
| 610 |
1 |
|
|a стальная арматура
|
| 610 |
1 |
|
|a коррозия
|
| 675 |
|
|
|a 69
|z rus
|v 4
|
| 702 |
|
1 |
|a Крейс
|b У. И.
|g Ууно Иоханесович
|4 340
|
| 712 |
0 |
2 |
|a Научно-исследовательский институт строительства
|2 stltpush
|3 (RuTPU)RU\TPU\col\11255
|9 24996
|
| 801 |
|
0 |
|a RU
|b RuMRKP
|c 19950704
|g psbo
|
| 801 |
|
1 |
|a RU
|b 63413507
|c 20151009
|
| 801 |
|
2 |
|a RU
|b 63413507
|c 20210927
|g RCR
|
| 942 |
|
|
|c BK
|